Odgadnij członka uquadu po miejscu zamieszkania (wersja rozszerzona) - Statystyki

Ogólne statystyki
  • Ten quiz został rozwiązany 2 razy
  • Średni wynik to 24 z 52
Statystyki odpowiedzi
Miasto Kto to % Poprawnych
Płock Adams
100%
Mójcza Antoni Miller
50%
wioska w zachodnich Niemczech Dascha
50%
Rokietnica Em1k
50%
Bielsko-Biała Fikas
50%
Leszno / Poznan Glumsmile
50%
Zamość Gryzio
50%
Warszawa (jakiś Wawer czy coś nie wiem) Grzejnik
50%
Hajnówka / Lublin Gwuść
50%
Świnoujście Hexagoon
50%
Elbląg Ibraka
50%
Ełk / Kowno Janisz
50%
Kraków (Podgórze) Jan Seweryn
50%
Olsztyn / Rostock Jigen
50%
Rokietnica / Wrocław Karciarz
50%
Radom Katoo
50%
Włocławek Kindrrk
50%
Choszczno Komuh
50%
Kraków Krux
50%
Swarzędz KubaFracek
50%
Piotrków Trybunalski Kublen
50%
Gdańsk / Warszawa Lemonized
50%
Warszawa (prawobrzeże) Leon
50%
Wrocław (Kozanów) LPG
50%
Warszawa (Białołęka) Merfciak
50%
Żory / Holandia przy Maastricht Mikowhy
50%
Garby Mokcio
50%
Jastrzębie-Zdrój Najgab
50%
Andrychów Olo
50%
Świdnica o_lukasz
50%
Cieszyn / Gliwice Roobbson
50%
Suwałki Rosolak
50%
Żyrardów Sadziu
50%
Warszawa (prawobrzeże) Sethelin
50%
Warszawa (Ursus) Skowron
50%
Portugalia SlayT
50%
Koszalin Snowf_lake
50%
Warszawa (Powiśle) Swangambit
50%
Szczecin tmcdermid
50%
Warszawa (Żoliborz) Tomas
50%
Grudziądz / Buxtehunde Tylko_Olimpia
50%
Augustów Waxjan
50%
Kielce Wiecu
50%
Jeżów Sudecki / Jelenia Góra Wielkibuc
50%
Bydgoszcz xmay
50%
Frankfurt Yanek
50%
Wadowice Dhoar
0%
Warszawa (Wola) Ichnes
0%
USA Lylylu
0%
Poznań Miken
0%
Podgórska Wola Tarnów
0%
Wrocław Wojtiwojciech
0%
Nie znaleziono quizów pasujących do podanych kryteriów
Rozkład punktacji
Procent ludzi z każdym wynikiem
Percentyl według liczby udzielonych odpowiedzi
Twoja historia wyników
Nie rozwiązałeś tego quizu